| 000 | 00706nam a22002297a 4500 | ||
|---|---|---|---|
| 003 | BCEG | ||
| 005 | 20260109113626.0 | ||
| 008 | 260109s1981 mx |||||||||||||||||spa d | ||
| 020 | _a9681200802 | ||
| 020 | _a9681201353 | ||
| 040 |
_aBCEG _bspa _cBCEG |
||
| 082 | 0 | 4 |
_a972 _bH672h |
| 245 | 0 | 0 | _aHistoria general de México. |
| 260 |
_aMéxico : _bEl Colegio de México, Centro de Estudios Históricos, _c1981. |
||
| 300 |
_a2 v. : _bil. |
||
| 500 | _aCon firma de la donante: Célica Cánovas, Nov., 1983. | ||
| 504 | _aIncluye índice onomástico y bibliografía. | ||
| 541 | _aDonación. | ||
| 650 | 1 | 4 |
_aMéxico _xHistoria. |
| 700 | 1 |
_aCosío Villegas, Daniel, _d1898-1976, _eintrod. |
|
| 942 | _cBK | ||
| 999 |
_c436972 _d436972 |
||